Biogeochemistry of uranium and thorium; Proceedings of 15th International conference on heavy metals in the environment, Gdańsk, Poland, September 19-23, 2010

Opis bibliograficzny
Parent link:Proceedings of 15th International conference on heavy metals in the environment, Gdańsk, Poland, September 19-23, 2010.— 2010.— [P. 891-894]
1. autor: Baranovskaya N. V. Nataliya Vladimirovna
Kolejni autorzy: Rikhvanov L. P. Leonid Petrovich, Soktoev B. R. Bulat Rinchinovich
Streszczenie:Заглавие с экрана
The peculiarities in thorium and uranium distribution in various media (soil, drinking water, scale, hair, blood, biopsic specimen of pathologically changed thyroid gland) from 16 regions of Tomsk Oblast of Russian have been analyzed. Besides, the values of their concentrations and Th/U relations have been stated for indication of changes in conditions of not only outside an organism but also inside it. The basic research method is neuron-activation analysis made in the nuclear-geochemical laboratory of the Geoecology and Geochemistry Department. The analysis of spatial distribution of radioactive elements over the territory of Tomsk Oblast as well as region ranking indicators of system interaction allows for reveling different mechanisms of entry, distribution, and accumulation of uranium and thorium in living systems. Their accumulation in accumulative media - hair, in pathological thyroid forms - indicates the fact that the elements entering with water, from soil via trophic chain or air are not excreted, but stay in the organism.
Język:angielski
Wydane: 2010
Hasła przedmiotowe:
Dostęp online:http://www.iaea.org/inis/collection/NCLCollectionStore/_Public/41/131/41131147.pdf#page=503
Format: Elektroniczne Rozdział
KOHA link:https://koha.lib.tpu.ru/cgi-bin/koha/opac-detail.pl?biblionumber=642763

MARC

LEADER 00000naa0a2200000 4500
001 642763
005 20251024094413.0
035 |a (RuTPU)RU\TPU\network\7723 
035 |a RU\TPU\network\6515 
090 |a 642763 
100 |a 20150709d2010 k||y0engy50 ba 
101 0 |a eng 
102 |a PL 
135 |a drcn ---uucaa 
181 0 |a i  
182 0 |a b 
200 1 |a Biogeochemistry of uranium and thorium  |f N. V. Baranovskaya, L. P. Rikhvanov, B. R. Soktoev 
203 |a Text  |c electronic 
300 |a Заглавие с экрана 
320 |a [References: p. 894] 
330 |a The peculiarities in thorium and uranium distribution in various media (soil, drinking water, scale, hair, blood, biopsic specimen of pathologically changed thyroid gland) from 16 regions of Tomsk Oblast of Russian have been analyzed. Besides, the values of their concentrations and Th/U relations have been stated for indication of changes in conditions of not only outside an organism but also inside it. The basic research method is neuron-activation analysis made in the nuclear-geochemical laboratory of the Geoecology and Geochemistry Department. The analysis of spatial distribution of radioactive elements over the territory of Tomsk Oblast as well as region ranking indicators of system interaction allows for reveling different mechanisms of entry, distribution, and accumulation of uranium and thorium in living systems. Their accumulation in accumulative media - hair, in pathological thyroid forms - indicates the fact that the elements entering with water, from soil via trophic chain or air are not excreted, but stay in the organism. 
463 |t Proceedings of 15th International conference on heavy metals in the environment, Gdańsk, Poland, September 19-23, 2010  |v [P. 891-894]  |d 2010 
610 1 |a электронный ресурс 
610 1 |a труды учёных ТПУ 
610 1 |a biogeography 
610 1 |a uranium 
610 1 |a environment 
610 1 |a living system 
610 1 |a thorium 
700 1 |a Baranovskaya  |b N. V.  |c geochemist  |c Professor of Tomsk Polytechnic University, Doctor of biological sciences  |f 1970-  |g Nataliya Vladimirovna  |3 (RuTPU)RU\TPU\pers\31010  |9 15240 
701 1 |a Rikhvanov  |b L. P.  |c Professor of Tomsk Polytechnic University  |c Doctor of geological- mineralogical sciences  |c Honored geologist of Russia  |c Honored Worker of higher professional education of the Russian Federation  |f 1945-  |g Leonid Petrovich  |3 (RuTPU)RU\TPU\pers\25922 
701 1 |a Soktoev  |b B. R.  |c Geochemist  |c Associate Professor of the Department of Tomsk Polytechnic University, Candidate of Geological and Mineralogical Sciences  |f 1990-  |g Bulat Rinchinovich  |y Tomsk  |3 (RuTPU)RU\TPU\pers\34950  |9 18268 
801 2 |a RU  |b 63413507  |c 20180401  |g RCR 
850 |a 63413507 
856 4 |u http://www.iaea.org/inis/collection/NCLCollectionStore/_Public/41/131/41131147.pdf#page=503 
942 |c CF